| 000 | 00596nam a2200205 a 4500 | ||
|---|---|---|---|
| 005 | 20240919063731.0 | ||
| 008 | 991125s1985 mx 000 0 spa u | ||
| 020 | _a9682704871 | ||
| 035 | _aUPN01000002253 | ||
| 049 | _aCG | ||
| 050 | 4 |
_aHC133 _bS6.2 1985 |
|
| 100 | 1 |
_aSolís Manjarrez, Leopoldo, _d1929-2000 |
|
| 245 | 1 | 0 |
_aAlternativas para el desarrollo / _cLeopoldo Solís. |
| 250 | _a2a ed. correg. y aum. | ||
| 260 |
_aMéxico : _bJ. Mortiz, _c1985. |
||
| 300 | _a155 p. | ||
| 440 | 0 | _aCuadernos de Joaquín Mortiz | |
| 651 | 4 |
_aMéxico _xCondiciones económicas _95661 |
|
| 905 | _aLibro | ||
| 999 |
_c2253 _d2253 |
||